| 000 | 00398nam a22001457a 4500 | ||
|---|---|---|---|
| 020 | _a8173012466 | ||
| 082 |
_a001 _bPRA _cN-01, P-47 |
||
| 100 |
_aPrakash, Ved _936427 |
||
| 245 |
_aEnrich your general knowledge part 5 _cPrakash, Ved |
||
| 260 |
_aIndia _bdreamland _c1997 |
||
| 300 |
_a48 p. _bill. _c29 cm |
||
| 526 |
_a0 _b0 _c0 _d001_000000000000000_PRA |
||
| 650 |
_aNUST _96342 |
||
| 942 |
_2ddc _cBK |
||
| 999 |
_c550125 _d550125 |
||